Visualizzazione normale
Vista MARC
- Eyton F.
di Personal Name
Records bibliografici associati: 1
001 - CONTROL NUMBER
- control field: 24494
003 - CONTROL NUMBER IDENTIFIER
- control field: IT-RoPau
005 - DATE AND TIME OF LATEST TRANSACTION
- control field: 20140511114330.0
008 - FIXED-LENGTH DATA ELEMENTS
- fixed length control field: 140511|| aca||aabn | a|a d
040 ## - CATALOGING SOURCE
- Original cataloging agency: IT-RoPau
- Transcribing agency: IT-RoPau
100 ## - HEADING--PERSONAL NAME
- Personal name: Eyton F.
- Miscellaneous information: Codice autore SPICS: 20329
- Relator term: Autore
- Name of part/section of a work: Body & Soul
670 ## - SOURCE DATA FOUND
- Source citation: Work cat.: (IT-RoPau)102087: Smietana Jaroslaw 24483, From One To Four (Lp Psj 191)